000 00636nam a2200277Ia 4500
005 20260324150253.0
008 008 260324s9999 xx 000 0 eng d
020 _a9781315202457
037 _aEBOOK
040 _aCRL
040 _beng
040 _cCRL
041 _2eng
041 _aeng
084 _qCRL
100 _aG. C. Hockley
_91225855
245 0 _aMonetary Policy and Public Finance
260 _bTaylor and Francis
260 _c1970
365 _a
365 _b205
856 _uhttp://www.taylorfrancis.com/books/9781315202457
942 _cEBOOK
999 _c1835007
_d1835007